Il Patalogo nove, annuario 1986 dello spettacolo, teatro.

Guardat en:
Dades bibliogràfiques
Format: Llibre
Idioma:italià
Publicat: Milano : Ubulibri, 1986
Matèries:
Etiquetes: Afegir etiqueta
Sense etiquetes, Sigues el primer a etiquetar aquest registre!

MARC

LEADER 00000nam a22000007ib4500
001 IT\ICCU\RAV\0026840
003 ItRI
005 20260115231929.0
008 880413s1986 it |||||| ||||| |||||c
020 |a 8877480599 
040 |b ita  |c importazione bologna sebina 
041 7 |a ita  |2 ISO-639-2 
082 |a 791  |9 SPETTACOLI PUBBLICI  |2 20 
245 0 3 |a Il Patalogo nove,  |p annuario 1986 dello spettacolo,  |p teatro. 
246 1 3 |a Annuario dello spettacolo. -  |9 IT\ICCU\RAV\0107371 
246 1 3 |a Il patalogo. -  |9 IT\ICCU\RAV\0107361 
260 |a Milano :  |b Ubulibri,  |c 1986 
300 |a 262 p. :  |b ill. ;  |c 24 cm. 
500 |a Titolo estrapolato  |0 IT\ICCU\RAV\0107361 
500 |a Titolo estrapolato  |0 IT\ICCU\RAV\0107371 
650 7 |a TEATRO  |x 1985-1986  |x Annuari  |2 scbi 
773 0 |w IT\ICCU\VEA\0006022  |t Il patalogo ...  |g 9 
942 |2 ddc  |c BK  |n 0 
952 |0 0  |1 0  |4 0  |6 DOC_791_405000000000000_PAT  |7 0  |9 16904  |a BO  |b BO  |d 2026-01-15  |i 6005  |l 0  |o DOC 791.405 PAT  |p BO6005  |r 2026-01-15 23:19:29  |w 2026-01-15  |x [Sebina 7] [1 v.]  |y BK  |z 1 v. 
999 |c 14440  |d 14440